00331nam a2200121Ia 4500008004100000041000800041082001900049100002100068245004500089260003500134300003200169365000800201240624s9999 xx 000 0 und d aeng a336.207094 LAM aLAMMERSEN LOTHAR aEFFECTIVE TAX BURDEN OF COMPANIES IN EUR c2005aNew YorkbPhysica-Verlag aviii, : 251 : p. : cm. ; 23 cERU